| 000 | 01118nam a2200265 u 4500 | ||
|---|---|---|---|
| 001 | 000359057 | ||
| 003 | AM-YeHGA | ||
| 005 | 20250618072230.0 | ||
| 008 | 040906s1978 ai r 000 0 rus d | ||
| 040 | _aAM-YeHGA | ||
| 041 | 0 | _arus | |
| 100 | 1 |
_aՀովնան, Գուրգեն Ներսեսի, _d1910-2000 _91042 |
|
| 245 | 1 | 0 |
_aЕгише Чаренц : _bМеждународный резонанс творчества / _cГ.Н. Овнан; Отв. ред. М.В. Саакян; О-во книголюбов Арм. ССР. |
| 246 | 3 | 5 | _aԵղիշե Չարենց |
| 260 |
_aЕреван : _bСоветакан грох, _c1978. |
||
| 300 |
_a66 стр. : _bилл. ; _c13 см. |
||
| 440 | 0 | _aБиблиотека книголюба | |
| 650 | 1 | 4 |
_aЛитературоведение _zАрмения |
| 650 | 1 | 4 | _aАрмянская литература |
| 600 | 1 | 4 |
_aՉարենց, Եղիշե Աբգարի, _d1897-1937 _91327 |
| 650 | 1 | 4 | _aЛитературоведение |
| 700 | 1 |
_aСаакян, М.В. _eред. _4edt |
|
| 710 | 2 | _aОбщество книголюбов АрмССР | |
| 090 | _c138716 | ||
| 999 |
_c137344 _d137344 |
||